Normal view
MARC view
Entry Personal Name
001 - CONTROL NUMBER
- control field: 50848
003 - CONTROL NUMBER IDENTIFIER
- control field: ARRUPE
005 - DATE AND TIME OF LATEST TRANSACTION
- control field: 20211102091143.0
008 - FIXED-LENGTH DATA ELEMENTS
- fixed length control field: 211102|| aca||aabn | a|a d
040 ## - CATALOGING SOURCE
- Original cataloging agency: ARRUPE
- Transcribing agency: ARRUPE
100 ## - HEADING--PERSONAL NAME
- Personal name: Bergmann, Merrie, Moor James and Nelson, Jack
670 ## - SOURCE DATA FOUND
- Source citation: Work cat.: (ARRUPE): Bergmann, Merrie, Moor James and Nelson, Jack, The logic book , c1998.